000
00298nam a22001097a 4500
999
_c
4115
_d
4115
008
250121b ||||| |||| 00| 0 eng d
020
_a
9781482459685
082
_a
578 SPI
100
_a
RICHARDS SPILSBURY
_e
SPILSBURY,RICHARDS
245
_a
AT THE POLES
942
_2
ddc
_h
578 SPI